000
00340nam a2200157Ia 4500
100
_a
Mishra/ Chandrasekaran
250
_a
2
942
_c
BK
654
_a
computer science
245
_a
Theory of Computer Science
260
_b
Prentice Hall of India
_c
2004
082
_a
4.1
_b
MIS
300
_a
304
546
_a
ENGLISH
999
_c
30820
_d
30820